|
|
|
|
| LEADER |
01693nam a2200457 a 4500 |
| 001 |
nkc20061639073 |
| 003 |
CZ PrNK |
| 005 |
20161102235010.0 |
| 007 |
ta |
| 008 |
060120s2005 xr a j 0 p cze |
| 015 |
|
|
|a cnb001639073
|
| 020 |
|
|
|a 80-86803-04-X
|q (váz.)
|
| 035 |
|
|
|a (OCoLC)85166610
|
| 040 |
|
|
|a OLA001
|b cze
|d ABA001
|
| 041 |
1 |
|
|a cze
|h slo
|
| 072 |
|
7 |
|a 821.162.4
|x Slovenská literatura
|2 Konspekt
|9 25
|
| 072 |
|
7 |
|a 821-93
|x Literatura pro děti a mládež (beletrie)
|2 Konspekt
|9 26
|
| 080 |
|
|
|a 821.162.4-1
|2 MRF
|
| 080 |
|
|
|a 821-93
|2 MRF
|
| 080 |
|
|
|a (0:82-1)
|2 MRF
|
| 100 |
1 |
|
|a Klimáček, Viliam,
|d 1958-
|7 js20011212041
|4 aut
|
| 245 |
1 |
0 |
|a Noha k noze ;
|c Viliam Klimáček ; [výtvarný koncept a ilustrace] Dezider Tóth
|
| 250 |
|
|
|a 1. české vyd.
|
| 260 |
|
|
|a Praha :
|b Raketa v produkci nakl. Labyrint,
|c c2005
|
| 300 |
|
|
|a 125 s. :
|b il. (převážně barev.) ;
|c 23 cm
|
| 500 |
|
|
|a Přeloženo ze slovenštiny
|
| 655 |
|
7 |
|a slovenská poezie
|7 fd183397
|2 czenas
|
| 655 |
|
7 |
|a experimentální poezie
|7 fd132226
|2 czenas
|
| 655 |
|
7 |
|a publikace pro děti
|7 fd133156
|2 czenas
|
| 655 |
|
9 |
|a Slovak poetry
|2 eczenas
|
| 655 |
|
9 |
|a experimental poetry
|2 eczenas
|
| 655 |
|
9 |
|a children's literature
|2 eczenas
|
| 700 |
0 |
|
|a Monogramista T.D,
|d 1947-
|7 jo20010044149
|4 ill
|
| 765 |
0 |
|
|t Noha k nohe
|9 Česky
|
| 856 |
4 |
1 |
|u http://www.digitalniknihovna.cz/mzk/uuid/uuid:76db38f0-9b56-11e6-baa5-005056827e51
|y Digitalizovaný dokument
|x NDK
|
| 910 |
2 |
|
|a BOA001
|b 2-1163.390
|
| 928 |
9 |
|
|a Labyrint
|
| 990 |
|
|
|a BK
|
| 995 |
|
|
|a 01
|
| 991 |
|
|
|b 200602
|c NOV
|
| 996 |
6 |
|
|b 2610270432
|c 2-1163.390
|l MZK
|r Sklad / do 1 hodiny
|n 15
|p p.v.
|w 000806235
|u 000010
|a 1
|e BOA001
|j MZK50
|s P
|